Costa Rica y el GATT: los desafíos del nuevo orden del comercio mundial /
Gardado en:
| Autor Principal: | |
|---|---|
| Formato: | Libro |
| Idioma: | Spanish |
| Publicado: |
San José, Costa Rica
Universidad Nacional. Maestría en Política Económica ; Editorial Porvenir
1991
|
| Edición: | 1a. edición |
| Materias: | |
| Etiquetas: |
Engadir etiqueta
Sen Etiquetas, Sexa o primeiro en etiquetar este rexistro!
|
MARC
| LEADER | 00000nam a22000007a 4500 | ||
|---|---|---|---|
| 003 | cru CIDCACS/IIS | ||
| 005 | 20210311062548.0 | ||
| 008 | 180518b1991 cr d||||||||||||| ||spa|| | ||
| 999 | |c 41438 |d 41438 | ||
| 020 | |a 9977-944-53-9 | ||
| 040 | |c cru CIDCACS/IIS | ||
| 090 | |a 09.05.08 S456c | ||
| 100 | 1 | |9 177 |a Segura Bonilla, Olman | |
| 245 | 1 | 0 | |a Costa Rica y el GATT: |b los desafíos del nuevo orden del comercio mundial / |c Olman Segura Bonilla |
| 250 | |a 1a. edición | ||
| 260 | |a San José, Costa Rica |b Universidad Nacional. Maestría en Política Económica ; |b Editorial Porvenir |c 1991 | ||
| 300 | |a 127 páginas | ||
| 500 | |a Colección Alforja | ||
| 650 | 1 | 7 | |9 1945 |a COMERCIO INTERNACIONAL |
| 650 | 1 | 7 | |9 3746 |a NUEVO ORDEN ECONOMICO INTERNACIONAL |
| 650 | 1 | 0 | |a POLITICA COMERCIAL |9 3684 |
| 650 | 1 | 7 | |9 4370 |a GATT |
| 651 | 1 | 0 | |9 32 |a COSTA RICA |
| 942 | |2 ddc |c LI | ||



